000 00503nam a22001817a 4500
005 20250529140020.0
008 250529b |||||||| |||| 00| 0 eng d
020 _aOI3253170401
050 _aHA29
_bFRE
100 _aFREUND, JOHN E.
245 _aELEMENTARY BUSINESS STATISTICS;
_bTHE MODERN APPROACH
250 _a5TH
260 _aNEW JERSEY
_bPRENTICE-HALL INTERNATIONAL INC.
_cc1988
300 _axiii,738p
700 _aWILLIAMS FRANK J.
700 _aPERLES BENJAMIN, M.
942 _2lcc
_cBK
_n0
999 _c6031
_d6031